000 00747cam a2200229 a 4500
005 20200104041517.0
008 970722s1997 us r 00010 eng d
020 _a0821339567
040 _ala
_cla
041 0 _aeng
082 0 4 _a338.9
_bE96e
245 0 0 _aExpanding the measure of wealth :
_bindicators of environmentally sustainable development.
260 _aWashington :
_bThe World Bank,
_c1997.
300 _aviii, 110 p. ;
_c27 cm.
500 _aLa Biblioteca es depositaria de las publicaciones del Banco Mundial.
650 6 _aDesarrollo sostenible.
_9278
650 _aIndicadores económicos.
_910346
650 6 _aIndicadores ambientales.
_9185
710 2 _aBanco Mundial.
_9799
942 _2lcc
_cLIBRO
949 _an
_bn
999 _c1012
_d1012